000 00375pab a2200145 454500
008 180718b1984 xxu||||| |||| 00| 0 eng d
100 _aPlaut, Steven E
245 _aEndogenous mortgage interest and the consumption of housing
260 _c1984
300 _a31-45
362 _aJuly
650 _aHousing - Finance
773 _aJournal of Urban Economics
909 _a9881
999 _c9881
_d9881